000 00732nam a2200205Ia 4500
001 6516
008 260427s9999 xx 000 0 und d
020 _a9780873362719
245 0 _aKa Lā Kuni Pipi = Branding Day: A bilingual Hawaiian Story/
_cAuthor: Roberta Ku'ulei Keakealani
260 _aHonolulu;
_bKamehameha Publishing;
_c2020
300 _a50p;
_c23x29cm
520 _aA brief glimpse into the life of Robert "Lopaka" Kamohoali'I Keakealani, revered paniolo and horseman.
546 _aHawaiian; English
650 _aFolk literature
_99337
650 _aIndigenous societies
_99260
650 _aPN1-6790 Literature (General)
_921
651 _aHawaii
_92928
655 _aIllustrated volume
_99338
942 _cBK
999 _c6516
_d6516